|
|
|
|
| LEADER |
00000cam a22000005a 4500 |
| 001 |
vtls001320356 |
| 003 |
SK-MaSNL |
| 005 |
20260301200212.0 |
| 008 |
240226s1765 xo 000 0 lat |
| 015 |
|
|
|a SNBHFA17657
|
| 035 |
|
|
|a urn:nbn:sk:snk-am00fgr1
|
| 035 |
|
|
|a urn:nbn:sk:snk-am3iwcv
|
| 035 |
|
|
|a 3FA6D700-1F26-43C2-9404-5C5AEFC1B502
|
| 040 |
|
|
|a SNK
|b slo
|c SNK
|e AACR2
|
| 041 |
0 |
|
|a lat
|
| 044 |
|
|
|a xo
|c SK
|
| 072 |
|
7 |
|a 2
|x Náboženstvo
|2 konspekt
|
| 072 |
|
7 |
|a 2-1
|x Prirodzená teológia. Náboženská filozofia
|2 konspekt
|
| 080 |
|
|
|a 26‑534.3
|2 2011
|
| 080 |
|
|
|a 2-1
|2 2011
|
| 100 |
0 |
|
|a Bonaventúra,
|c svätý,
|d asi 1221-1274
|4 aut
|9 126787
|
| 245 |
1 |
0 |
|a Piissima Erga Dei Genitricem Devotio
|b Ad Impetradam Gratiam Pro Articulo Mortis ; Noviter Ementata Cui Adjunctae sunt utillissimae Considerationes quibus Homo Christianus se in providentiam Dei confignat, ex Principis Philosophiae Sanctioris potissimum desumptae Auditoribus Oblata
|c Ex Seraphico Doctore Divo Bonaventura deprompta
|
| 246 |
3 |
0 |
|a Conclusiones Theologico-Polemicae
|
| 260 |
|
|
|a Tyrnaviae
|b Typis Coll. Academ. Societatis Jesu
|c Anno 1765
|
| 300 |
|
|
|a [6], 94 s.
|c 14 cm
|
| 500 |
|
|
|a Ozdobné linky. Ozdobné iniciály. Zložky. Kustody.
|
| 504 |
|
|
|a Živé záhlavie
|
| 505 |
2 |
|
|a Prítlačok 1.
|r Publice propugnaret Macarius Fodor, Bonavintura Matejovics, Emericus Tamaskovics ... Praeside Floriano Primavesy
|t Conclusiones Theologico-Polemicae
|g [6] s.
|
| 505 |
2 |
|
|a Prítlačok 2.
|t Laurus Tuta A Fulmine
|g S. 3-117
|
| 508 |
|
|
|a Venovanie Eugeniusovi Kósovi
|
| 610 |
2 |
7 |
|a Rímskokatolícka cirkev
|2 SNKA
|9 32394
|
| 650 |
0 |
7 |
|a modlitby
|2 SNKPH
|9 1743
|
| 650 |
0 |
7 |
|a teológia
|2 SNKPH
|9 1814
|
| 655 |
|
7 |
|a promočné tlače
|2 SNKPH
|9 73127
|
| 700 |
1 |
|
|a Kósa, Eugenius
|4 dte
|9 300051
|
| 700 |
1 |
|
|a Primavesy, Florian
|4 oth
|9 520892
|
| 700 |
1 |
|
|a Tamaskovics, Emericus
|4 oth
|9 579065
|
| 700 |
1 |
|
|a Fodor, Macarius
|4 oth
|9 579066
|
| 700 |
1 |
|
|a Matejovics, Bonaventura
|4 oth
|9 579067
|
| 710 |
2 |
|
|a Akademická tlačiareň (Trnava, Slovensko)
|4 prt
|9 232890
|
| 752 |
|
|
|a Slovensko
|d Trnava
|
| 958 |
|
|
|a ONDV
|
| 999 |
|
|
|c 889441
|d 891371
|
| 952 |
|
|
|a SNK
|b SNK
|y PREZ
|7 0
|p 17A0099698
|o snkSE 1773/1-2
|i snk2626-27/58
|0 0
|1 0
|4 0
|d 1998-02-11
|f 1
|l 0
|r 2005-01-02 00:00:00
|w 2026-02-24
|
| 952 |
|
|
|a SNK
|b SNK
|y PREZ
|7 0
|p 17A1314630
|o snkSE 1773/1-2 D1
|i snk2020/13143
|8 5
|3 rekatalogizácia
|0 0
|1 0
|4 0
|d 2018-02-15
|l 0
|r 2026-02-24 06:40:19
|w 2026-02-24
|